Exsiccatae of mesoarican rhynchospora (Registro nro. 11833)

Detalles MARC
000 -CABECERA
Campo de control 004870000a22001690004500
090 ## - CLASIFICACIÓN LOCAL
Colección AR
Consecutivo 02772
041 0# - IDIOMA
Código de idioma para texto/pista de sonido o título separado
100 1# - ASIENTO PRINCIPAL--NOMBRE PERSONAL
Nombre personal Thomas, Wm. Wayt
245 10 - MENCION DE TITULO
Título Exsiccatae of mesoarican rhynchospora
650 14 - ASIENTO SECUNDARIO DE MATERIA - TERMINO TEMATICO
Término temático o nombre geográfico como elemento de entrada Botánica
650 14 - ASIENTO SECUNDARIO DE MATERIA - TERMINO TEMATICO
Término temático o nombre geográfico como elemento de entrada Taxonomía vegetal
650 14 - ASIENTO SECUNDARIO DE MATERIA - TERMINO TEMATICO
Término temático o nombre geográfico como elemento de entrada Nomenclatura
650 14 - ASIENTO SECUNDARIO DE MATERIA - TERMINO TEMATICO
Término temático o nombre geográfico como elemento de entrada Mesoamérica
653 ## - TERMINO DE INDIZACION - NO CONTROLADO
-- Cyperaceae
-- Rhynchospora
773 1# - Item fuente:
Título Cyperaceae Newsletter Species Issue 2
Especificación de materiales 1315
Descripción física 8
Paginas del Articulo 1-18
Lugar, editorial y fecha de publicación 1992
Información sobre la relación 2
942 ## - ELEMENTOS ADICIONALES (KOHA)
Tipo de ítem Artículo
Existencias
Withdrawn status Lost status Damaged status No para préstamo Colección Ubicación Permanente Ubicación actual Fecha de adquisición Fuente de Valor Datos de publicación Seriada Total Checkouts Número topográfico Inventario / Código de Barras Date last seen Ejemplar Price effective from Forma de adquisición Tipo de material
      No para Préstamo Hemeroteca Bogotá Bogotá 27/02/2015 Armenteras, Dolors Fuera de circulación   AR 02772 013184 25/03/2015 1 25/03/2015   Artículo